Too early frost : (Record no. 3903)

MARC details
000 -LEADER
fixed length control field 01118cam a2200313 a 4500
001 - CONTROL NUMBER
control field 2423633
003 - CONTROL NUMBER IDENTIFIER
control field GBCCL
005 - DATE AND TIME OF LATEST TRANSACTION
control field 20241126110506.0
008 - FIXED-LENGTH DATA ELEMENTS--GENERAL INFORMATION
fixed length control field 871209s1988 miu b 000 0 eng
010 ## -
-- 87035301
020 ## - INTERNATIONAL STANDARD BOOK NUMBER
International Standard Book Number 0310377714 (pbk.)
040 ## - CATALOGING SOURCE
Original cataloging agency DLC
Transcribing agency DLC
Modifying agency DLC
050 00 -
-- BV4907
-- .O67 1988
082 00 - DEWEY DECIMAL CLASSIFICATION NUMBER
Classification number 248.86092
Edition information 19
Item number OOS
100 1# - MAIN ENTRY--PERSONAL NAME
Personal name Oosterveen, Gerald.
9 (RLIN) 7673
245 10 - TITLE STATEMENT
Title Too early frost :
Remainder of title a father's account of losing a son /
Statement of responsibility, etc. by Gerald Oosterveen.
260 ## - PUBLICATION, DISTRIBUTION, ETC.
Place of publication, distribution, etc. Grand Rapids, Mich. :
Name of publisher, distributor, etc. Zondervan Books,
Date of publication, distribution, etc. c1988.
300 ## - PHYSICAL DESCRIPTION
Extent 154 p. ;
Dimensions 21 cm.
504 ## - BIBLIOGRAPHY, ETC. NOTE
Bibliography, etc. note Bibliography: p. 153-154.
600 10 - SUBJECT ADDED ENTRY--PERSONAL NAME
Personal name Oosterveen, Gerald.
9 (RLIN) 7673
600 10 - SUBJECT ADDED ENTRY--PERSONAL NAME
Personal name Oosterveen, Gerard Richard,
Dates associated with a name 1961-1970.
9 (RLIN) 7674
650 #0 - SUBJECT ADDED ENTRY--TOPICAL TERM
Topical term or geographic name entry element Children
General subdivision Death
-- Religious aspects
-- Christianity.
9 (RLIN) 7272
650 #0 - SUBJECT ADDED ENTRY--TOPICAL TERM
Topical term or geographic name entry element Cancer in children
General subdivision Religious aspects
-- Christianity.
9 (RLIN) 7675
650 #0 - SUBJECT ADDED ENTRY--TOPICAL TERM
Topical term or geographic name entry element Bereavement
General subdivision Religious aspects
-- Christianity.
9 (RLIN) 5489
650 #0 - SUBJECT ADDED ENTRY--TOPICAL TERM
Topical term or geographic name entry element Fathers and sons
General subdivision Religious aspects
-- Christianity.
9 (RLIN) 7676
650 #0 - SUBJECT ADDED ENTRY--TOPICAL TERM
Topical term or geographic name entry element Consolation.
9 (RLIN) 348
906 ## - LOCAL DATA ELEMENT F, LDF (RLIN)
a 7
b cbc
c orignew
d 1
e ocip
f 19
g y-gencatlg
942 ## - ADDED ENTRY ELEMENTS (KOHA)
Source of classification or shelving scheme Dewey Decimal Classification
Koha item type Books
Holdings
Withdrawn status Lost status Source of classification or shelving scheme Damaged status Not for loan Home library Current Library Shelving location Date acquired Total checkouts Full call number Barcode Date last seen Copy number Price effective from Koha item type
    Dewey Decimal Classification     GRACE BIBLE COLLEGE GRACE BIBLE COLLEGE Ministry & Mission 2017-12-15   248.86092 OOS 004853 2025-05-01 c.1 2017-12-15 Books
© Grace Bible College Library 2025